<?xml version="1.0" encoding="UTF-8"?>
<record
    xmlns:xsi="http://www.w3.org/2001/XMLSchema-instance"
    xsi:schemaLocation="http://www.loc.gov/MARC21/slim http://www.loc.gov/standards/marcxml/schema/MARC21slim.xsd"
    xmlns="http://www.loc.gov/MARC21/slim">

  <leader>01584nam0a2200361   4500</leader>
  <controlfield tag="001">RU\NLR\bibl\840454</controlfield>
  <controlfield tag="005">20260405082830.0</controlfield>
  <datafield tag="010" ind1=" " ind2=" ">
    <subfield code="a">5-89125-081-0</subfield>
    <subfield code="9">200</subfield>
  </datafield>
  <datafield tag="021" ind1=" " ind2=" ">
    <subfield code="a">RU</subfield>
    <subfield code="b">2005-48855</subfield>
    <subfield code="9">2377</subfield>
  </datafield>
  <datafield tag="035" ind1=" " ind2=" ">
    <subfield code="a">(NLR Aleph) 000829280</subfield>
  </datafield>
  <datafield tag="090" ind1=" " ind2=" ">
    <subfield code="a">1350415</subfield>
    <subfield code="c">1350415</subfield>
  </datafield>
  <datafield tag="100" ind1=" " ind2=" ">
    <subfield code="a">20050914d2005    |||y0rusy50      ca</subfield>
  </datafield>
  <datafield tag="101" ind1="0" ind2=" ">
    <subfield code="a">rus</subfield>
  </datafield>
  <datafield tag="102" ind1=" " ind2=" ">
    <subfield code="a">RU</subfield>
  </datafield>
  <datafield tag="105" ind1=" " ind2=" ">
    <subfield code="a">a   |||||||||</subfield>
  </datafield>
  <datafield tag="200" ind1="1" ind2=" ">
    <subfield code="a">&#x418;&#x43D;&#x442;&#x435;&#x433;&#x440;&#x438;&#x440;&#x43E;&#x432;&#x430;&#x43D;&#x43D;&#x430;&#x44F; &#x441;&#x438;&#x441;&#x442;&#x435;&#x43C;&#x430; &#x438; &#x442;&#x435;&#x445;&#x43D;&#x438;&#x447;&#x435;&#x441;&#x43A;&#x438;&#x435; &#x441;&#x440;&#x435;&#x434;&#x441;&#x442;&#x432;&#x430; &#x445;&#x438;&#x43C;&#x438;&#x447;&#x435;&#x441;&#x43A;&#x43E;&#x439; &#x437;&#x430;&#x449;&#x438;&#x442;&#x44B; &#x44F;&#x431;&#x43B;&#x43E;&#x43D;&#x438; &#x432; &#x433;&#x43E;&#x440;&#x43D;&#x44B;&#x445; &#x441;&#x430;&#x434;&#x43E;&#x43B;&#x430;&#x43D;&#x434;&#x448;&#x430;&#x444;&#x442;&#x430;&#x445;</subfield>
    <subfield code="f">&#x42E;.&#x410;. &#x428;&#x435;&#x43A;&#x438;&#x445;&#x430;&#x447;&#x435;&#x432;, &#x412;.&#x41D;. &#x411;&#x435;&#x440;&#x431;&#x435;&#x43A;&#x43E;&#x432;, &#x41B;.&#x41C;. &#x425;&#x430;&#x436;&#x43C;&#x435;&#x442;&#x43E;&#x432; [&#x438; &#x434;&#x440;.]</subfield>
  </datafield>
  <datafield tag="210" ind1=" " ind2=" ">
    <subfield code="a">&#x41D;&#x430;&#x43B;&#x44C;&#x447;&#x438;&#x43A;</subfield>
    <subfield code="c">[&#x431;.&#x438;.]</subfield>
    <subfield code="d">2005</subfield>
  </datafield>
  <datafield tag="215" ind1=" " ind2=" ">
    <subfield code="a">53 &#x441;.</subfield>
    <subfield code="c">&#x438;&#x43B;.</subfield>
    <subfield code="d">20</subfield>
  </datafield>
  <datafield tag="606" ind1="1" ind2=" ">
    <subfield code="a">&#x41E;&#x43F;&#x440;&#x44B;&#x441;&#x43A;&#x438;&#x432;&#x430;&#x442;&#x435;&#x43B;&#x438;</subfield>
    <subfield code="x">&#x42D;&#x43A;&#x441;&#x43F;&#x43B;&#x443;&#x430;&#x442;&#x430;&#x446;&#x438;&#x44F; &#x43D;&#x430; &#x441;&#x43A;&#x43B;&#x43E;&#x43D;&#x430;&#x445;</subfield>
    <subfield code="9">1771524</subfield>
    <subfield code="3">RU\NLR\auth\66795539</subfield>
  </datafield>
  <datafield tag="606" ind1="1" ind2=" ">
    <subfield code="a">&#x42F;&#x431;&#x43B;&#x43E;&#x43D;&#x438;</subfield>
    <subfield code="x">&#x411;&#x43E;&#x43B;&#x435;&#x437;&#x43D;&#x438; &#x438; &#x432;&#x440;&#x435;&#x434;&#x438;&#x442;&#x435;&#x43B;&#x438;</subfield>
    <subfield code="x">&#x425;&#x438;&#x43C;&#x438;&#x447;&#x435;&#x441;&#x43A;&#x438;&#x435; &#x43C;&#x435;&#x442;&#x43E;&#x434;&#x44B; &#x431;&#x43E;&#x440;&#x44C;&#x431;&#x44B;</subfield>
    <subfield code="9">2052829</subfield>
    <subfield code="3">RU\NLR\auth\661231140</subfield>
  </datafield>
  <datafield tag="686" ind1=" " ind2=" ">
    <subfield code="a">&#x41F;072.61</subfield>
  </datafield>
  <datafield tag="686" ind1=" " ind2=" ">
    <subfield code="a">&#x41F;491.5-52</subfield>
  </datafield>
  <datafield tag="701" ind1=" " ind2="1">
    <subfield code="4">070</subfield>
    <subfield code="7">ca</subfield>
    <subfield code="8">rus</subfield>
    <subfield code="a">&#x428;&#x435;&#x43A;&#x438;&#x445;&#x430;&#x447;&#x435;&#x432;</subfield>
    <subfield code="b">&#x42E;. &#x410;.</subfield>
    <subfield code="g">&#x42E;&#x440;&#x438;&#x439; &#x410;&#x445;&#x43C;&#x435;&#x442;&#x445;&#x430;&#x43D;&#x43E;&#x432;&#x438;&#x447;</subfield>
    <subfield code="9">206104</subfield>
    <subfield code="3">RU\NLR\AUTH\770206156</subfield>
  </datafield>
  <datafield tag="701" ind1=" " ind2="1">
    <subfield code="a">&#x411;&#x435;&#x440;&#x431;&#x435;&#x43A;&#x43E;&#x432;</subfield>
    <subfield code="b">&#x412;. &#x41D;.</subfield>
    <subfield code="g">&#x412;&#x43B;&#x430;&#x434;&#x438;&#x43C;&#x438;&#x440; &#x41D;&#x430;&#x436;&#x43C;&#x443;&#x442;&#x434;&#x438;&#x43D;&#x43E;&#x432;&#x438;&#x447;</subfield>
    <subfield code="4">070</subfield>
  </datafield>
  <datafield tag="701" ind1=" " ind2="1">
    <subfield code="4">070</subfield>
    <subfield code="8">rus</subfield>
    <subfield code="7">ca</subfield>
    <subfield code="a">&#x425;&#x430;&#x436;&#x43C;&#x435;&#x442;&#x43E;&#x432;</subfield>
    <subfield code="b">&#x41B;.&#x41C;.</subfield>
    <subfield code="g">&#x41B;&#x443;&#x430;&#x43D; &#x41C;&#x443;&#x445;&#x430;&#x436;&#x435;&#x432;&#x438;&#x447;</subfield>
    <subfield code="3">RU\NLR\auth\7729408</subfield>
    <subfield code="9">12437</subfield>
  </datafield>
  <datafield tag="801" ind1=" " ind2="0">
    <subfield code="a">RU</subfield>
    <subfield code="b">NLR</subfield>
    <subfield code="c">20050914</subfield>
    <subfield code="g">rcr</subfield>
  </datafield>
  <datafield tag="801" ind1=" " ind2="1">
    <subfield code="a">RU</subfield>
    <subfield code="b">NLR</subfield>
    <subfield code="c">20050914</subfield>
  </datafield>
  <datafield tag="830" ind1=" " ind2=" ">
    <subfield code="a">&#x410;&#x432;&#x442;. &#x43F;&#x43E; &#x43A;&#x43D;.</subfield>
  </datafield>
  <datafield tag="942" ind1=" " ind2=" ">
    <subfield code="c">BOOK</subfield>
  </datafield>
  <datafield tag="980" ind1=" " ind2=" ">
    <subfield code="a">NB</subfield>
  </datafield>
  <datafield tag="980" ind1=" " ind2=" ">
    <subfield code="a">NBR</subfield>
  </datafield>
  <datafield tag="995" ind1=" " ind2=" ">
    <subfield code="5">2005-09-14</subfield>
    <subfield code="a">ad</subfield>
    <subfield code="b">NLR01</subfield>
    <subfield code="c">NLR01</subfield>
    <subfield code="e">RF3</subfield>
    <subfield code="f">992478</subfield>
    <subfield code="k">2005-4/30044</subfield>
    <subfield code="o">0</subfield>
    <subfield code="r">BOOK</subfield>
    <subfield code="s">2005430044_</subfield>
  </datafield>
  <datafield tag="995" ind1=" " ind2=" ">
    <subfield code="5">2005-09-14</subfield>
    <subfield code="a">ad</subfield>
    <subfield code="b">NLR01</subfield>
    <subfield code="c">NLR01</subfield>
    <subfield code="e">RF3</subfield>
    <subfield code="f">992479</subfield>
    <subfield code="k">2005-4/30044</subfield>
    <subfield code="o">0</subfield>
    <subfield code="r">BOOK</subfield>
    <subfield code="s">2005430044_</subfield>
  </datafield>
</record>
